|
|
|
|
| LEADER |
01729cas a2200253 a 4500 |
| 001 |
AALejournalIMF015377 |
| 008 |
230101c9999 xx r poo 0 0eng d |
| 020 |
|
|
|c 5.00 USD
|
| 020 |
|
|
|z 9781513544816
|
| 022 |
|
|
|a 1018-5941
|
| 040 |
|
|
|a BD-DhAAL
|c BD-DhAAL
|
| 100 |
1 |
|
|a Raissi, Mehdi.
|
| 245 |
1 |
0 |
|a Price and Income Elasticity of Indian Exports-The Role of Supply-Side Bottlenecks /
|c Mehdi Raissi, Volodymyr Tulin.
|
| 264 |
|
1 |
|a Washington, D.C. :
|b International Monetary Fund,
|c 2015.
|
| 300 |
|
|
|a 1 online resource (16 pages)
|
| 490 |
1 |
|
|a IMF Working Papers
|
| 500 |
|
|
|a <strong>Off-Campus Access:</strong> No User ID or Password Required
|
| 500 |
|
|
|a <strong>On-Campus Access:</strong> No User ID or Password Required
|
| 506 |
|
|
|a Electronic access restricted to authorized BRAC University faculty, staff and students
|
| 520 |
3 |
|
|a This paper estimates the short-term and long-run price and income elasticity of Indian exports, and investigates the role of supply-side bottlenecks in shaping India's export demand relationship. We use disaggregated export volume data for 45 Indian industries over the period 1990-2013, as well as industry-specific international relative prices, for estimation. Our results indicate that Indian exports are sensitive to international relative-price competitiveness, world demand, and energy shortages. In addition, binding supply-side constraints (notably energy shortages) dampen price responsiveness in the short-term.
|
| 538 |
|
|
|a Mode of access: Internet
|
| 700 |
1 |
|
|a Tulin, Volodymyr.
|
| 830 |
|
0 |
|a IMF Working Papers; Working Paper ;
|v No. 2015/161
|
| 856 |
4 |
0 |
|z Full text available on IMF
|u http://elibrary.imf.org/view/journals/001/2015/161/001.2015.issue-161-en.xml
|z IMF e-Library
|